NCAA Division I Tigers - Statistics

General Stats
  • This quiz has been taken 33 times
  • The average score is 6 of 12
Answer Stats
Tiger School % Correct
LSU
87%
Clemson
74%
Auburn
70%
Missouri
57%
Memphis
52%
Texas Southern
43%
Grambling State
39%
Towson
39%
Pacific
35%
Princeton
35%
Tennessee State
30%
Jackson State
22%
No matching quizzes found
Score Distribution
Percent of People with Each Score
Percentile by Number Answered
Your Score History
You have not taken this quiz